Thomas and Friends - Season 12 Episodes - Statistics

General Stats
  • This quiz has been taken 25 times
  • The average score is 10 of 20
Answer Stats
Episode # Episode Title % Correct
20 Best Friends
100%
6 Heave Ho Thomas!
80%
2 Steady Eddie
80%
1 Thomas and the Billboard
80%
8 Excellent Emily
60%
3 Rosie's Funfair Special
60%
10 Saved You!
60%
9 The Party Surprise
60%
15 Gordon Takes a Shortcut
40%
5 Henry Gets It Wrong
40%
12 James Works It Out
40%
4 Mountain Marvel
40%
19 Push Me, Pull You
40%
16 The Man in the Hills
40%
7 Toby's Special Surprise
40%
13 Tram Trouble
40%
14 Don't Go Back
20%
11 Duncan and the Hot Air Balloon
20%
18 Percy and the Bandstand
20%
17 Thomas Puts the Brakes On
20%
No matching quizzes found
Score Distribution
Percent of People with Each Score
Percentile by Number Answered
Your Score History
You have not taken this quiz